Normal view
MARC view
- Muhammad Hassaan Zubair Ali Fazeel Jamil Usman Bin Wilayat
Entry Personal Name
001 - CONTROL NUMBER
- control field: 100928
003 - CONTROL NUMBER IDENTIFIER
- control field: NUST
005 - DATE AND TIME OF LATEST TRANSACTION
- control field: 20221020104817.0
008 - FIXED-LENGTH DATA ELEMENTS
- fixed length control field: 221020|| aca||aabn | a|a d
040 ## - CATALOGING SOURCE
- Original cataloging agency: NUST
- Transcribing agency: NUST
100 ## - HEADING--PERSONAL NAME
- Personal name: Muhammad Hassaan Zubair Ali Fazeel Jamil Usman Bin Wilayat
670 ## - SOURCE DATA FOUND
- Source citation: Work cat.: (NUST): Muhammad Hassaan Zubair Ali Fazeel Jamil Usman Bin Wilayat, PR-SOF-2167-Design and Fabrication Of 6-Axis Robotic Manipulator For Paint Application, 2022.
